[Event "Hanoi op 12"]
[Site "Hanoi"]
[Date "2022.??.??"]
[Round "2"]
[White "Ho, Phuoc Trung"]
[Black "Nguyen, Hoang Dang Huy"]
[Result "0-1"]
[WhiteElo "1967"]
[BlackElo "1696"]
[PlyCount "80"]
[EventDate "2022.12.11"]
[EventType "swiss"]
[EventRounds "9"]
[EventCountry "VIE"]
[SourceTitle "CBM 211 Extra"]
[Source "ChessBase"]
[SourceDate "2023.01.31"]
[SourceVersion "1"]
[SourceVersionDate "2023.01.31"]
[SourceQuality "1"]

1. d4 g6 2. c4 Bg7 3. Nf3 d6 4. g3 Nf6 5. Bg2 0-0 6. 0-0 c6 7. Nc3 Qc7 8. e4 Bg4 9. h3 Bxf3 10. Bxf3 e5 11. d5 c5 12. Bg2 a6 13. a4 Nbd7 14. a5 Rab8 15. Qe2 Ne8 16. Bd2 Qd8 17. Na4 f5 18. b4 f4 19. bxc5 dxc5 20. Qg4 Kh8 21. gxf4 exf4 22. Bxf4 Bxa1 23. Bxb8 Bd4 24. Bf4 Nef6 25. Qe2 Qxa5 26. Qc2 Nxd5 27. Bh6 Nb4 28. Qd1 Rf7 29. Qg4 Qd8 30. Bg5 Qf8 31. e5 Nxe5 32. Qe4 Nf3+ 33. Bxf3 Rxf3 34. Bh6 Bg7 35. Bxg7+ Kxg7 36. Qxb7+ Kh6 37. Qc7 Qf5 38. Qxc5 Qxh3 39. Rd1 Rf5 40. Qe3+ Rg5+ 0-1

[Event "Hanoi op 12"]
[Site "Hanoi"]
[Date "2022.??.??"]
[Round "4"]
[White "Ho, Phuoc Trung"]
[Black "Phan, Tran Bao Khang"]
[Result "0-1"]
[WhiteElo "1967"]
[BlackElo "1968"]
[PlyCount "82"]
[EventDate "2022.12.11"]
[EventType "swiss"]
[EventRounds "9"]
[EventCountry "VIE"]
[SourceTitle "CBM 211 Extra"]
[Source "ChessBase"]
[SourceDate "2023.01.31"]
[SourceVersion "1"]
[SourceVersionDate "2023.01.31"]
[SourceQuality "1"]

1. d4 d5 2. c4 c6 3. Nf3 Nf6 4. g3 Bf5 5. Bg2 e6 6. 0-0 Bd6 7. b3 0-0 8. Bb2 Nbd7 9. Nc3 Ne4 10. Nd2 Nxd2 11. Qxd2 Nf6 12. Rfd1 Qe7 13. Qe1 Bg4 14. f3 Bh5 15. e4 dxe4 16. Nxe4 Nxe4 17. Qxe4 Rad8 18. Re1 Ba3 19. Bc3 Bb4 20. Qc2 Bg6 21. Qd2 Bxc3 22. Qxc3 Qf6 23. Re5 Qe7 24. Rae1 Qd6 25. Rd1 Qxe5 26. dxe5 Rxd1+ 27. Kf2 Rfd8 28. g4 R1d2+ 29. Kg3 Rxa2 30. h4 h5 31. Qb4 hxg4 32. Qxb7 Rdd2 33. Bf1 Rf2 34. Kxg4 Rxf1 35. Qxc6 Rg2+ 36. Kf4 Bh5 37. Ke3 Rxf3+ 38. Kd4 Rg4+ 39. Kc5 Rxb3 40. Qa8+ Kh7 41. Qxa7 Rc3 0-1